00327nam a2200109Ia 4500008004100000041000800041082001500049100001900064245005200083260004100135520004100176240719s9999 xx 000 0 und d aeng a153.94 ZAI aZaidi S. Z. H. aSuggested Answers To Questions Set At The Final aNoidabBoard Of Studies, Noidac2005 aGifted By : IMT Faculty Dr.Pawan sir